000 00523cam a22002171 4500
001 sa 68008014
003 DLC
005 20260227112527.0
008 950203s1968 ii 000 0 malo
010 _asa 68008014
025 _aPL480:I-Mal-1339
035 _a(OCoLC)31931953
040 _aDLC
_cCU
_dCU
_dDLC
042 _apremarc
050 0 0 _aPL4718.9.T496
_bE4
100 1 _aThikkurissi, K. V.
245 1 0 _aEnne kr̲ūṡikka.
260 _a[n.p.
_c1968]
300 _a70 p.
_c18 cm.
500 _aIn Malayalam.
999 _c82180
_d82180